000 00735nam a2200241Ia 4500
003 OSt
005 20221006165616.0
006 a|||||r|||| 00| 0
007 ta
008 221006b |||||||| |||| 00| 0 eng d
024 _a7,740
037 _cTheseses
040 _aFML
_cFML
_beng
041 _2eng
_aeng
100 _aAdeshra Ravindra Kumar Au.
_9680141
110 _aDelhi University. Faculty of Music and Fine Arts. Department of Music
245 0 _aThe Development of Style and Technique of Stirar Playing
260 _c1998
300 _a160
_ccm.
700 _aDelhi University. Faculty of Music and Fine Arts. Department of Music
942 _cDIS
_2CC
999 _c1121442
_d1121442